[Event "XXXIV Torneo B di Capodanno"]
[Site "Reggio nell'Emilia ITA"]
[Date "1992.01.03"]
[Round "8"]
[White "Kapengut, Albert Z."]
[Black "Manca, Federico"]
[Result "1/2-1/2"]
[WhiteElo "2450"]
[BlackElo "2410"]
[PlyCount "61"]
[EventDate "1991.12.27"]

1. e4 d6 2. d4 Nf6 3. Nc3 g6 4. f4 Bg7 5. Nf3 O-O 6. Be2 Na6 7. O-O c5 8. Kh1
cxd4 9. Nxd4 Nc5 10. Bf3 a6 11. Be3 Qc7 12. Qe1 e5 13. Nb3 Ncd7 14. Qh4 b5 15.
a3 Bb7 16. Rad1 a5 17. fxe5 dxe5 18. Bg4 Nxg4 19. Qxg4 Nf6 20. Qe2 Nxe4 21.
Nxe4 Bxe4 22. Bc5 Qb7 23. Bxf8 Bxf8 24. Nd2 Bd5 25. Rfe1 Bg7 26. Ne4 b4 27. c4
bxc3 28. Nxc3 Bc6 29. Rd2 Re8 30. Red1 h5 31. Rd8 1/2-1/2

[Event "XXXIV Torneo B di Capodanno"]
[Site "Reggio nell'Emilia ITA"]
[Date "1992.01.03"]
[Round "8"]
[White "Mantovani, Renzo"]
[Black "Landenbergue, Claude"]
[Result "1/2-1/2"]
[WhiteElo "2370"]
[BlackElo "2415"]
[PlyCount "22"]
[EventDate "1991.12.27"]

1. d4 Nf6 2. Nf3 e6 3. Bg5 h6 4. Bxf6 Qxf6 5. e4 d6 6. Nc3 g6 7. Bd3 Bg7 8. O-O
O-O 9. Qd2 Nc6 10. Ne2 Bd7 11. c3 Qe7 1/2-1/2

[Event "XXXIV Torneo B di Capodanno"]
[Site "Reggio nell'Emilia ITA"]
[Date "1992.01.04"]
[Round "9"]
[White "Arlandi, Ennio"]
[Black "Mantovani, Renzo"]
[Result "1-0"]
[WhiteElo "2420"]
[BlackElo "2370"]
[PlyCount "101"]
[EventDate "1991.12.27"]

1. d4 d6 2. Nf3 Nf6 3. c4 Bf5 4. Nc3 Nbd7 5. Nh4 e6 6. Nxf5 exf5 7. g3 g6 8.
Bg2 Rb8 9. O-O Bg7 10. Qc2 O-O 11. Rd1 Re8 12. b4 Qe7 13. b5 Nb6 14. Bg5 h6 15.
Bxf6 Bxf6 16. e3 Kg7 17. a4 Qe6 18. a5 Nd7 19. Nd5 Bd8 20. a6 b6 21. Nb4 Nf6
22. Bb7 Be7 23. Nc6 Ra8 24. c5 dxc5 25. Nxe7 Qxe7 26. Bxa8 Rxa8 27. dxc5 bxc5
28. Rac1 Ne4 29. f3 Ng5 30. Qxc5 Nxf3+ 31. Kf2 Qe4 32. Qd5 Ng5 33. Qxe4 Nxe4+
34. Ke2 Rb8 35. Rxc7 Rxb5 36. Rdd7 Rb2+ 37. Kd1 Kf6 38. Rxa7 Ra2 39. h4 Ke5 40.
Re7+ Kd5 41. Rad7+ Kc4 42. a7 Kc3 43. Rd8 Ra1+ 44. Ke2 Ra2+ 45. Ke1 Ra1+ 46.
Rd1 Ra3 47. Rc7+ Kb2 48. Rd8 Rxe3+ 49. Kf1 Rf3+ 50. Kg2 Rxg3+ 51. Kh2 1-0

[Event "XXXIV Torneo B di Capodanno"]
[Site "Reggio nell'Emilia ITA"]
[Date "1992.01.04"]
[Round "9"]
[White "Bukal, Vladimir sr"]
[Black "Kapengut, Albert Z."]
[Result "1/2-1/2"]
[WhiteElo "2405"]
[BlackElo "2450"]
[PlyCount "109"]
[EventDate "1991.12.27"]

1. c4 e5 2. Nc3 Nf6 3. Nf3 Nc6 4. e4 Bc5 5. Nxe5 O-O 6. Nf3 Re8 7. d3 Ng4 8. d4
Bb4 9. Be2 Rxe4 10. O-O Re8 11. Nd5 h6 12. h3 Nf6 13. Nxf6+ Qxf6 14. c5 b6 15.
a3 Ba5 16. b4 bxc5 17. bxa5 Nxd4 18. Nxd4 cxd4 19. Rb1 c5 20. Bf3 Ba6 21. Bxa8
Bxf1 22. Qxf1 Rxa8 23. Rb7 Qc6 24. Qb5 Re8 25. Bd2 c4 26. Qxc6 dxc6 27. Rb4 c3
28. Bxc3 dxc3 29. Rc4 Re1+ 30. Kh2 Rc1 31. Rxc6 c2 32. Kg3 Ra1 33. Rxc2 Rxa3+
34. Kf4 Rxa5 35. Rc8+ Kh7 36. Rc7 g5+ 37. Kg3 Kg6 38. h4 gxh4+ 39. Kxh4 Rh5+
40. Kg4 a5 41. f4 Rb5 42. Ra7 f6 43. g3 h5+ 44. Kh3 Kf5 45. Ra6 Rc5 46. Kh4 Kg6
47. g4 hxg4 48. Kxg4 Rb5 49. Rc6 Kf7 50. f5 Kg7 51. Ra6 Re5 52. Rb6 Re1 53. Ra6
Rg1+ 54. Kh4 Ra1 55. Kh5 1/2-1/2

[Event "XXXIV Torneo B di Capodanno"]
[Site "Reggio nell'Emilia ITA"]
[Date "1992.01.04"]
[Round "9"]
[White "Landenbergue, Claude"]
[Black "Gavrikov, Viktor N."]
[Result "0-1"]
[WhiteElo "2415"]
[BlackElo "2585"]
[PlyCount "94"]
[EventDate "1991.12.27"]

1. d4 Nf6 2. Nf3 d6 3. Nc3 Nbd7 4. e4 e5 5. Bc4 Be7 6. O-O O-O 7. Re1 c6 8. a4
a5 9. b3 h6 10. h3 Nh7 11. Be3 Ng5 12. Nxg5 hxg5 13. Qd2 exd4 14. Bxd4 Ne5 15.
Be2 Bf6 16. Rad1 Re8 17. Bh5 Be6 18. Be3 Be7 19. Qc1 g4 20. Bxg4 Bxg4 21. hxg4
Nxg4 22. Qd2 Nxe3 23. Qxe3 Bf6 24. Qf3 Qe7 25. g3 Rad8 26. Kg2 Qe5 27. Re3 Qc5
28. Rdd3 Qb4 29. Nb1 Re6 30. c4 Rde8 31. Nd2 Bd8 32. Nf1 Bb6 33. Re2 Qc5 34.
Rdd2 Qg5 35. Nh2 Bc5 36. Rc2 Qg6 37. Rcd2 Rxe4 38. Nf1 f5 39. Rc2 Qe6 40. Red2
Re1 41. Rd3 g6 42. Ra2 Qf6 43. Rad2 R8e7 44. Nh2 Qg5 45. Nf1 Qh6 46. Rxd6 Bxd6
47. Rxd6 Rxf1 0-1

[Event "XXXIV Torneo B di Capodanno"]
[Site "Reggio nell'Emilia ITA"]
[Date "1992.01.05"]
[Round "10"]
[White "Borgo, Giulio"]
[Black "Landenbergue, Claude"]
[Result "0-1"]
[WhiteElo "2340"]
[BlackElo "2415"]
[PlyCount "76"]
[EventDate "1991.12.27"]

1. e4 e6 2. d4 d5 3. Nd2 dxe4 4. Nxe4 Nd7 5. Nf3 Ngf6 6. Nxf6+ Nxf6 7. Bd3 c5
8. dxc5 Bxc5 9. O-O O-O 10. Bg5 Be7 11. Qe2 Qb6 12. c4 Bd7 13. Ne5 Rfd8 14.
Bxh7+ Kf8 15. Bd3 Be8 16. Rfd1 Rac8 17. Rac1 Bc5 18. b3 Qa5 19. h3 a6 20. Rc2
Bd6 21. Nf3 Bc6 22. Bd2 Qc7 23. Ng5 Bh2+ 24. Kh1 Bf4 25. Bxf4 Qxf4 26. Qe3 Qxe3
27. fxe3 Ke7 28. Kg1 Rc7 29. Rcc1 Rcd7 30. Be2 Rd2 31. Bf3 Bxf3 32. Rxd2 Rxd2
33. Nxf3 Rxa2 34. Rd1 Rb2 35. Rd3 Ne4 36. Nd4 g6 37. c5 Nxc5 38. Rc3 Kd6 0-1

[Event "XXXIV Torneo B di Capodanno"]
[Site "Reggio nell'Emilia ITA"]
[Date "1992.01.05"]
[Round "10"]
[White "Cebalo, Miso"]
[Black "Godena, Michele"]
[Result "1/2-1/2"]
[WhiteElo "2525"]
[BlackElo "2415"]
[PlyCount "62"]
[EventDate "1991.12.27"]

1. d4 d5 2. c4 e6 3. Nc3 c6 4. Nf3 Nf6 5. Bg5 dxc4 6. a4 Bb4 7. e4 h6 8. Bxf6
Qxf6 9. Bxc4 O-O 10. O-O b6 11. Qe2 Bb7 12. Rfd1 Nd7 13. e5 Qe7 14. Ba6 Bxa6
15. Qxa6 Rfd8 16. Na2 Nb8 17. Qc4 a5 18. Nc3 Qb7 19. Ne2 Nd7 20. Nf4 b5 21.
axb5 Qxb5 22. Rdc1 Qxc4 23. Rxc4 c5 24. h4 Nb6 25. Rc2 cxd4 26. Nd3 Bf8 27. Kf1
a4 28. Rc6 Nd5 29. Rc4 Nb6 30. Rc6 Nd5 31. Rc4 Nb6 1/2-1/2

[Event "XXXIV Torneo B di Capodanno"]
[Site "Reggio nell'Emilia ITA"]
[Date "1992.01.05"]
[Round "10"]
[White "Gavrikov, Viktor N."]
[Black "Arlandi, Ennio"]
[Result "1/2-1/2"]
[WhiteElo "2585"]
[BlackElo "2420"]
[PlyCount "42"]
[EventDate "1991.12.27"]

1. e4 e5 2. Bc4 Nf6 3. d3 Nc6 4. Nf3 Be7 5. O-O O-O 6. Bb3 d6 7. c3 Na5 8. Bc2
c5 9. Re1 Nc6 10. Nbd2 Re8 11. Nf1 h6 12. h3 Bf8 13. Ng3 d5 14. exd5 Qxd5 15.
Bb3 Qd6 16. Ne4 Nxe4 17. dxe4 Be6 18. Be3 Qc7 19. Bxe6 Rxe6 20. Qe2 Rd8 21.
Red1 Red6 1/2-1/2

[Event "XXXIV Torneo B di Capodanno"]
[Site "Reggio nell'Emilia ITA"]
[Date "1992.01.05"]
[Round "10"]
[White "Mantovani, Renzo"]
[Black "Manca, Federico"]
[Result "1/2-1/2"]
[WhiteElo "2370"]
[BlackElo "2410"]
[PlyCount "26"]
[EventDate "1991.12.27"]

1. e4 d6 2. d4 Nf6 3. Nc3 g6 4. Nf3 Bg7 5. Be2 O-O 6. O-O Bg4 7. Be3 Nc6 8. h3
Bxf3 9. Bxf3 e5 10. d5 Ne7 11. Be2 Nd7 12. f3 f5 13. g4 Nf6 1/2-1/2

[Event "XXXIV Torneo B di Capodanno"]
[Site "Reggio nell'Emilia ITA"]
[Date "1992.01.06"]
[Round "11"]
[White "Godena, Michele"]
[Black "Bukal, Vladimir sr"]
[Result "1-0"]
[WhiteElo "2415"]
[BlackElo "2405"]
[PlyCount "173"]
[EventDate "1991.12.27"]

1. e4 e6 2. d4 d5 3. Nd2 Nf6 4. e5 Nfd7 5. Bd3 c5 6. c3 Nc6 7. Ne2 a5 8. O-O
cxd4 9. cxd4 a4 10. Nf3 Be7 11. Nf4 g6 12. g3 Nb6 13. Ng2 Nb4 14. Bh6 Bf8 15.
Bxf8 Kxf8 16. Qd2 Nxd3 17. Qxd3 Bd7 18. Rac1 Kg7 19. b3 Bc6 20. h4 Qe7 21. Ne3
Qa3 22. Qd2 axb3 23. axb3 Nd7 24. Rc3 Qe7 25. Rcc1 Ra3 26. Qc3 Rc8 27. Ra1 Nb6
28. Qb2 Rca8 29. Nc2 Rxa1 30. Rxa1 Rxa1+ 31. Qxa1 Nd7 32. Qa5 Qf8 33. Ne3 h5
34. Ng5 Qe8 35. Ng2 Nf8 36. Nf4 Nh7 37. Nxh7 Kxh7 38. Qc7 Qd7 39. Qxd7 Bxd7 40.
Kf1 Kg7 41. Kg2 Kh6 42. Nh3 Bb5 43. Ng5 Kg7 44. Kf3 Bd3 45. Ke3 Bc2 46. b4 b6
47. Kf4 Bd1 48. Nh3 Kh6 49. Ke3 Bb3 50. Ng5 Kg7 51. Nf3 Kh6 52. Kf4 Bd1 53. Ne1
Be2 54. Ke3 Bf1 55. Kf4 Be2 56. Nc2 Bd3 57. Ne3 Be2 58. Ng2 Bf1 59. Ne3 Be2 60.
f3 Bd3 61. Nd1 Bc4 62. Nc3 b5 63. Nd1 Be2 64. Nf2 Bf1 65. g4 Bc4 66. Nh3 Bf1
67. Ng5 Kg7 68. Kg3 Bd3 69. Nh3 Kh6 70. Kf2 Bc2 71. Ke3 Bb3 72. Kd2 Ba2 73.
gxh5 gxh5 74. Kc2 Bc4 75. Nf4 Bf1 76. Kd2 Bc4 77. Ke1 Ba2 78. Nd3 Kg6 79. Kf2
Bc4 80. Nc5 Kf5 81. Kg3 Be2 82. Kf2 Bc4 83. Ke3 Bf1 84. Nb7 f6 85. Nd6+ Kg6 86.
Kf4 Be2 87. Ne8 1-0

[Event "XXXIV Torneo B di Capodanno"]
[Site "Reggio nell'Emilia ITA"]
[Date "1992.01.06"]
[Round "11"]
[White "Landenbergue, Claude"]
[Black "Cebalo, Miso"]
[Result "1-0"]
[WhiteElo "2415"]
[BlackElo "2525"]
[PlyCount "95"]
[EventDate "1991.12.27"]

1. d4 Nf6 2. Nf3 d6 3. Nc3 Bg4 4. e4 c6 5. h3 Bxf3 6. Qxf3 e5 7. dxe5 dxe5 8.
Bc4 Nbd7 9. a4 Bb4 10. O-O Qe7 11. Ne2 h5 12. Bg5 h4 13. Qb3 a5 14. c3 Bc5 15.
Qxb7 Rb8 16. Qxc6 O-O 17. Bb5 Nb6 18. Bxf6 gxf6 19. Ba6 Na8 20. b4 axb4 21.
cxb4 Bxb4 22. Rab1 Kg7 23. Rfd1 Rb6 24. Qc4 Ba5 25. Bb5 Rd6 26. Rxd6 Qxd6 27.
Qb3 Rd8 28. Nc3 Nb6 29. Nd1 Qd4 30. Qf3 Bd2 31. Qg4+ Kf8 32. Qxh4 Ke7 33. Ne3
Bxe3 34. fxe3 Qxe3+ 35. Kh1 Rd4 36. Rf1 Qg5 37. Qf2 Nc8 38. a5 Nd6 39. Bc6 Rd2
40. Qg1 Rc2 41. Bd5 Nb5 42. a6 Kf8 43. Rf5 Qd2 44. Rxf6 Kg7 45. Rxf7+ Kg6 46.
Kh2 Nd4 47. Qf1 Qg5 48. a7 1-0

[Event "XXXIV Torneo B di Capodanno"]
[Site "Reggio nell'Emilia ITA"]
[Date "1992.01.06"]
[Round "11"]
[White "Manca, Federico"]
[Black "Gavrikov, Viktor N."]
[Result "1/2-1/2"]
[WhiteElo "2410"]
[BlackElo "2585"]
[PlyCount "22"]
[EventDate "1991.12.27"]

1. e4 c5 2. c3 e6 3. d4 d5 4. exd5 exd5 5. Nf3 Nc6 6. Bb5 Bd6 7. dxc5 Bxc5 8.
O-O Nge7 9. Nbd2 O-O 10. Nb3 Bd6 11. Bg5 Bg4 1/2-1/2

[Event "XXXIV Torneo B di Capodanno"]
[Site "Reggio nell'Emilia ITA"]
[Date "1992.01.06"]
[Round "11"]
[White "Portisch, Lajos"]
[Black "Mantovani, Renzo"]
[Result "1/2-1/2"]
[WhiteElo "2570"]
[BlackElo "2370"]
[PlyCount "121"]
[EventDate "1991.12.27"]

1. d4 Nf6 2. Nf3 e6 3. e3 d5 4. c4 Be7 5. Nc3 O-O 6. Qc2 c5 7. dxc5 Na6 8. Be2
Nxc5 9. O-O dxc4 10. Bxc4 Qc7 11. e4 Ncd7 12. Nb5 Qd8 13. Be2 a6 14. Nc7 Ra7
15. e5 Nxe5 16. Nxe5 Bd6 17. Be3 Bxe5 18. Qc5 b6 19. Qxe5 Qxc7 20. Qxc7 Rxc7
21. Bxb6 Rc2 22. Bf3 Rxb2 23. Bd4 Rd2 24. Be3 Rd3 25. Rfc1 Nd5 26. Bc5 Rd8 27.
h3 f6 28. a3 Kf7 29. Kh2 f5 30. Rab1 Rd7 31. Rb2 Rc7 32. Rbc2 Nf6 33. Bb4 Rxc2
34. Rxc2 Rd8 35. Ba5 Rg8 36. Rc7+ Kg6 37. Ra7 Ne4 38. Bxe4 fxe4 39. Bc3 h5 40.
Rc7 h4 41. Kg1 Kh6 42. Bxg7+ Rxg7 43. Rxc8 Kg5 44. Rc6 Kf5 45. Rxa6 Rb7 46. Kf1
Rb8 47. Ke2 Rb2+ 48. Ke3 e5 49. Ra8 Rb3+ 50. Kd2 Rb2+ 51. Kc3 e3 52. Rf8+ Ke4
53. fxe3 Rxg2 54. Rh8 Kxe3 55. Rxh4 e4 56. Rh8 Rg1 57. h4 Ke2 58. h5 e3 59. h6
Rh1 60. h7 Rc1+ 61. Kb4 1/2-1/2